| 000 | 00627nam a2200229Ia 4500 | ||
|---|---|---|---|
| 003 | OSt | ||
| 005 | 20230408132531.0 | ||
| 008 | 210423s2017 xx 000 0 und d | ||
| 020 | _a978-93-272-4198-3 | ||
| 040 | _cAL | ||
| 041 | _aeng | ||
| 082 |
_a336 _223 _bCHOP |
||
| 100 |
_aCHOUDHURY (Rabindra Kr);CHAKRABORTY (Reema Choudhury) _985117 |
||
| 245 | _aPublic finance and fiscal policy Ed 4 | ||
| 250 | _a4 | ||
| 260 |
_aLudhiana _bKalyani Publishers _c2017 |
||
| 300 |
_axv,480,16 _bPB |
||
| 365 |
_b320 _cINR |
||
| 650 |
_aPublic Finance _985118 |
||
| 906 | _afinance ; fiscal ; policy ; Public | ||
| 942 |
_2ddc _cBK |
||
| 999 |
_c169484 _d169484 |
||